[Event "Catalunya-chT Relegation"]
[Site "Barcelona"]
[Date "2022.03.26"]
[Round "1.5"]
[White "Castellet Giralt, Gabriel"]
[Black "Gonzalez Vericat, Sergio"]
[Result "0-1"]
[WhiteElo "2257"]
[BlackElo "2085"]
[PlyCount "88"]
[EventDate "2022.03.26"]
[EventType "team-tourn"]
[EventRounds "2"]
[EventCountry "ESP"]
[SourceTitle "CBM 208 Extra"]
[Source "ChessBase"]
[SourceDate "2022.07.31"]
[SourceVersion "1"]
[SourceVersionDate "2022.07.31"]
[SourceQuality "1"]
[WhiteTeam "Cerdanyola Valles"]
[BlackTeam "Gerunda"]
[WhiteTeamCountry "ESP"]
[BlackTeamCountry "ESP"]

1. d4 Nf6 2. c4 c5 3. d5 b5 4. cxb5 a6 5. Nc3 axb5 6. e4 b4 7. Nb5 d6 8. Bf4 g5 9. Bxg5 Nxe4 10. Bf4 Qa5 11. Bc4 Bd7 12. Qe2 b3+ 13. Kf1 Bxb5 14. Bxb5+ Kd8 15. a4 Qb4 16. g3 Nf6 17. h3 Rg8 18. Nf3 Qe4 19. Qxe4 Nxe4 20. Ra3 Nf6 21. Bc4 Na6 22. Bd2 Nc7 23. a5 Nfxd5 24. Rxb3 Nb4 25. Bxb4 cxb4 26. Bxf7 Rg7 27. Bc4 d5 28. Bd3 e6 29. Nd4 Kd7 30. Ke2 e5 31. Bf5+ Kd6 32. Nc2 Na6 33. Ra1 e4 34. g4 Ke5 35. f3 Rc7 36. Ne1 Rb8 37. fxe4 dxe4 38. h4 h5 39. Rd1 hxg4 40. Bxg4 Nc5 41. Rh3 Rg7 42. Bh5 Ne6 43. Ke3 Bc5+ 44. Kd2 Nf4 0-1

[Event "Catalunya-chT Gp1"]
[Site "Barcelona"]
[Date "2020.01.18"]
[Round "1.8"]
[White "Chalmeta Ugas, Jordi Ramon"]
[Black "Castellet Giralt, Gabriel"]
[Result "1/2-1/2"]
[WhiteElo "2173"]
[BlackElo "2236"]
[PlyCount "72"]
[EventDate "2020.01.18"]
[EventType "team-tourn"]
[EventRounds "7"]
[EventCountry "ESP"]
[SourceTitle "CBM 194 Extra"]
[Source "ChessBase"]
[SourceDate "2020.03.31"]
[SourceVersion "1"]
[SourceVersionDate "2020.03.31"]
[SourceQuality "1"]
[WhiteTeam "Foment Martinenc"]
[BlackTeam "Cerdanyola Valles"]
[WhiteTeamCountry "ESP"]
[BlackTeamCountry "ESP"]

1. d4 d5 2. c4 e6 3. Nc3 c6 4. Nf3 dxc4 5. a4 Bb4 6. e3 b5 7. Bd2 a5 8. axb5 Bxc3 9. Bxc3 cxb5 10. b3 Bb7 11. bxc4 b4 12. Bb2 Nf6 13. c5 0-0 14. Bb5 Bc6 15. Ba4 Bxa4 16. Rxa4 Qd5 17. 0-0 Nc6 18. Qe2 Ne4 19. Nd2 Nxd2 20. Qxd2 Qb3 21. Rfa1 Rfd8 22. f4 f5 23. Qe2 h6 24. h4 Ra7 25. Bc1 Qc3 26. Bb2 Qb3 27. Bc1 Rda8 28. Kf2 Qd5 29. Bb2 Ne7 30. Qc2 h5 31. Bc1 Nc6 32. Bb2 Rd7 33. Re1 Rf7 34. Rc1 Rd7 35. Re1 Rf7 36. Rc1 Rd7 1/2-1/2

[Event "Catalunya-chT Gp2"]
[Site "Barcelona"]
[Date "2019.01.26"]
[Round "2.8"]
[White "Ramirez Carrizo, Victor Jose"]
[Black "Castellet Giralt, Gabriel"]
[Result "1-0"]
[WhiteElo "2211"]
[BlackElo "2217"]
[PlyCount "75"]
[EventDate "2019.01.19"]
[EventType "team-tourn"]
[EventRounds "7"]
[EventCountry "ESP"]
[SourceTitle "CBM 188 Extra"]
[Source "ChessBase"]
[SourceDate "2019.02.26"]
[SourceVersion "1"]
[SourceVersionDate "2019.02.26"]
[SourceQuality "1"]
[WhiteTeam "Barbera"]
[BlackTeam "Cerdanyola Valles"]
[WhiteTeamCountry "ESP"]
[BlackTeamCountry "ESP"]

1. e4 c5 2. Nf3 Nc6 3. d4 cxd4 4. Nxd4 g6 5. Nc3 Bg7 6. Be3 Nf6 7. Bc4 0-0 8. Bb3 d6 9. f3 Bd7 10. h4 Nxd4 11. Bxd4 b5 12. h5 a5 13. hxg6 hxg6 14. Nd5 a4 15. Nxf6+ exf6 16. Bd5 Qa5+ 17. c3 Rac8 18. Qd2 Rfe8 19. Qf4 Re5 20. Bxe5 dxe5 21. Qd2 Rd8 22. a3 Be6 23. 0-0-0 f5 24. Qg5 Bxd5 25. Rxd5 Rxd5 26. exd5 Qc7 27. Rd1 Qd6 28. Qh4 f4 29. Qf2 Bf8 30. Qa7 f5 31. Qb7 e4 32. fxe4 fxe4 33. Qxb5 f3 34. gxf3 exf3 35. Qc4 Bh6+ 36. Kb1 g5 37. Qe4 f2 38. Qf5 1-0

[Event "Catalunya-chT Gp2"]
[Site "Barcelona"]
[Date "2018.02.10"]
[Round "4.7"]
[White "Brusi Noguera, Ricardo Ll"]
[Black "Castellet Giralt, Gabriel"]
[Result "1-0"]
[WhiteElo "2145"]
[BlackElo "2229"]
[PlyCount "53"]
[EventDate "2018.01.20"]
[EventType "team-tourn"]
[EventRounds "7"]
[EventCountry "ESP"]
[SourceTitle "CBM 182 Extra"]
[Source "ChessBase"]
[SourceDate "2018.02.23"]
[SourceVersion "1"]
[SourceVersionDate "2018.02.23"]
[SourceQuality "1"]
[WhiteTeam "St Cugat"]
[BlackTeam "Cerdanyola Valles"]
[WhiteTeamCountry "ESP"]
[BlackTeamCountry "ESP"]

1. d4 Nf6 2. c4 g6 3. Nc3 d5 4. Nf3 Bg7 5. cxd5 Nxd5 6. Na4 Nd7 7. e4 N5b6 8. Be3 Nxa4 9. Qxa4 0-0 10. Rd1 Nf6 11. Qc2 c6 12. h3 Be6 13. b3 Qa5+ 14. Rd2 Rad8 15. Bd3 h6 16. 0-0 g5 17. g4 h5 18. e5 hxg4 19. Nxg5 Nd5 20. Bh7+ Kh8 21. Bg8 f5 22. Bxe6 Bh6 23. hxg4 Kg7 24. Bxd5 Qxd5 25. Qc5 Qd7 26. Bf4 Rh8 27. e6 1-0

[Event "Catalunya-chT Gp2"]
[Site "Barcelona"]
[Date "2018.02.03"]
[Round "3.7"]
[White "Castellet Giralt, Gabriel"]
[Black "Vigo Allepuz, David"]
[Result "1/2-1/2"]
[WhiteElo "2229"]
[BlackElo "2049"]
[PlyCount "84"]
[EventDate "2018.01.20"]
[EventType "team-tourn"]
[EventRounds "7"]
[EventCountry "ESP"]
[SourceTitle "CBM 182 Extra"]
[Source "ChessBase"]
[SourceDate "2018.02.23"]
[SourceVersion "1"]
[SourceVersionDate "2018.02.23"]
[SourceQuality "1"]
[WhiteTeam "Cerdanyola Valles"]
[BlackTeam "Catalunya"]
[WhiteTeamCountry "ESP"]
[BlackTeamCountry "ESP"]

1. Nf3 d5 2. d4 f5 3. b3 Nf6 4. Bb2 e6 5. e3 Bd6 6. Bd3 Qe7 7. 0-0 0-0 8. Nbd2 Nbd7 9. Ne5 Ne4 10. f3 Nxd2 11. Qxd2 Nxe5 12. dxe5 Bc5 13. Bd4 Bd7 14. Kh1 Bc6 15. Rad1 Rad8 16. c3 a5 17. Qc2 b6 18. Rd2 g6 19. Rfd1 Ra8 20. b4 Kg7 21. b5 Bb7 22. Qa4 Rf7 23. Rc2 f4 24. exf4 Raf8 25. g3 Kg8 26. Rg2 g5 27. f5 exf5 28. f4 Bc8 29. Qc2 Be6 30. Rf1 Kh8 31. fxg5 Qxg5 32. Rf4 Qh6 33. Rgf2 Qh5 34. Qe2 Qxe2 35. Bxe2 Be7 36. Bh5 Rg7 37. g4 Rfg8 38. h3 fxg4 39. Bxg4 Rg6 40. Bxe6 Rxe6 41. Rf6 Rg6 42. Rf7 Rg7 1/2-1/2

[Event "Catalunya-chT Gp2"]
[Site "Barcelona"]
[Date "2017.02.18"]
[Round "5.6"]
[White "Castellet Giralt, Gabriel"]
[Black "Estrella Vidiella, Jordi"]
[Result "1/2-1/2"]
[WhiteElo "2229"]
[BlackElo "2271"]
[PlyCount "63"]
[EventDate "2017.01.21"]
[EventType "team-tourn"]
[EventRounds "7"]
[EventCountry "ESP"]
[SourceTitle "EXT 2018"]
[Source "ChessBase"]
[SourceDate "2017.10.13"]
[SourceVersion "1"]
[SourceVersionDate "2017.10.13"]
[SourceQuality "1"]
[WhiteTeam "Cerdanyola Valles"]
[BlackTeam "Foment Martinenc"]
[WhiteTeamCountry "ESP"]
[BlackTeamCountry "ESP"]

1. d4 Nf6 2. c4 g6 3. Nc3 Bg7 4. e4 d6 5. f4 0-0 6. Nf3 Bg4 7. Be2 c5 8. d5 Ne8 9. 0-0 a6 10. a4 Bxf3 11. Bxf3 Bd4+ 12. Kh1 Nd7 13. Ne2 Bg7 14. Qd3 Nc7 15. a5 b5 16. axb6 Nxb6 17. Ra2 a5 18. Nc3 Na6 19. Rxa5 Nb4 20. Rxa8 Nxd3 21. Rxd8 Rxd8 22. Be2 Nxc1 23. Rxc1 Ra8 24. g3 Bxc3 25. Rxc3 Ra2 26. Rb3 Na4 27. e5 Rxb2 28. Rxb2 Nxb2 29. Kg2 h6 30. Kf3 Kg7 31. h4 f6 32. e6 1/2-1/2

[Event "Catalunya-chT Gp1"]
[Site "Barcelona"]
[Date "2016.02.27"]
[Round "6.4"]
[White "Castellet Giralt, Gabriel"]
[Black "Uribe Arteaga, Daniel"]
[Result "0-1"]
[WhiteElo "2196"]
[BlackElo "2227"]
[PlyCount "82"]
[EventDate "2016.01.23"]
[EventType "team-tourn"]
[EventRounds "7"]
[EventCountry "ESP"]
[SourceTitle "EXT 2017"]
[Source "ChessBase"]
[SourceDate "2016.10.25"]
[SourceVersion "1"]
[SourceVersionDate "2016.10.25"]
[SourceQuality "1"]
[WhiteTeam "Cerdanyola Valles"]
[BlackTeam "Montcada"]
[WhiteTeamCountry "ESP"]
[BlackTeamCountry "ESP"]

1. d4 Nf6 2. c4 e6 3. Nc3 d5 4. cxd5 Nxd5 5. e4 Nxc3 6. bxc3 c5 7. d5 exd5 8. exd5 Bd6 9. Qe2+ Be7 10. Bg5 f6 11. Qb5+ Kf7 12. Be3 a6 13. Qb3 Bd6 14. Bd3 Re8 15. Ne2 Nd7 16. Ng3 Ne5 17. Be2 b5 18. 0-0 Ng4 19. c4 Nxe3 20. fxe3 b4 21. Qc2 g6 22. Ne4 Be5 23. Rad1 Kg7 24. Bf3 Bf5 25. g4 Bxe4 26. Bxe4 Qd6 27. h4 Bg3 28. h5 Bh4 29. Rf3 Bg5 30. Rdf1 Re5 31. Kh1 Rf8 32. hxg6 h6 33. Kg2 Rfe8 34. Bf5 Rxe3 35. Be6 Qe5 36. Rxe3 Qxe3 37. Rf3 Qe1 38. Rf1 Qh4 39. Rd1 Rxe6 40. dxe6 Qxg4+ 41. Kh2 Bf4+ 0-1

[Event "Catalunya-chT Gp1"]
[Site "Barcelona"]
[Date "2016.02.20"]
[Round "5.1"]
[White "Raineri de Luca, Pablo"]
[Black "Castellet Giralt, Gabriel"]
[Result "1/2-1/2"]
[WhiteElo "2233"]
[BlackElo "2196"]
[PlyCount "29"]
[EventDate "2016.01.23"]
[EventType "team-tourn"]
[EventRounds "7"]
[EventCountry "ESP"]
[SourceTitle "EXT 2017"]
[Source "ChessBase"]
[SourceDate "2016.10.25"]
[SourceVersion "1"]
[SourceVersionDate "2016.10.25"]
[SourceQuality "1"]
[WhiteTeam "Sant Josep de Badalona"]
[BlackTeam "Cerdanyola Valles"]
[WhiteTeamCountry "ESP"]
[BlackTeamCountry "ESP"]

1. Nf3 c5 2. c4 Nc6 3. g3 e5 4. Nc3 g6 5. Bg2 Bg7 6. 0-0 d6 7. d3 Nge7 8. Rb1 0-0 9. Ne1 Be6 10. Nd5 Rb8 11. Nc2 b5 12. Bg5 f6 13. Bd2 bxc4 14. dxc4 a5 15. Nce3 1/2-1/2

[Event "Catalunya-chT GpB final"]
[Site "Barcelona"]
[Date "2015.03.14"]
[Round "8.3"]
[White "Castellet Giralt, Gabriel"]
[Black "Ballesteros Collazos, Sergio"]
[Result "1-0"]
[WhiteElo "2180"]
[BlackElo "2209"]
[PlyCount "93"]
[EventDate "2015.03.14"]
[EventType "team-tourn"]
[EventRounds "11"]
[EventCountry "ESP"]
[SourceTitle "EXT 2016"]
[Source "ChessBase"]
[SourceDate "2015.10.08"]
[SourceVersion "1"]
[SourceVersionDate "2015.10.08"]
[SourceQuality "1"]
[WhiteTeam "Cerdanyola Valles"]
[BlackTeam "Catalunya"]
[WhiteTeamCountry "ESP"]
[BlackTeamCountry "ESP"]

1. d4 Nf6 2. c4 g6 3. Nc3 Bg7 4. e4 d6 5. f4 0-0 6. Nf3 e5 7. dxe5 dxe5 8. Qxd8 Rxd8 9. Nxe5 Re8 10. Bd3 Ng4 11. Nxg4 Bxg4 12. Kf2 Bxc3 13. bxc3 Na6 14. Be3 Rad8 15. Bc2 c5 16. h3 Bd7 17. Rad1 f6 18. f5 Kf7 19. h4 Bc6 20. Rxd8 Rxd8 21. h5 gxf5 22. exf5 Rg8 23. Rh2 Re8 24. Rh4 b6 25. Rg4 Nb8 26. h6 Rg8 27. Rxg8 Kxg8 28. Bf4 Nd7 29. g3 Kf7 30. Ke3 Ne5 31. Bxe5 fxe5 32. Be4 Bd7 33. g4 Kf6 34. Bd5 Ba4 35. Bg8 Kg5 36. Bxh7 Kxh6 37. Bg8 Kg7 38. Bd5 Kf6 39. Bf3 Bc2 40. Be2 Kg5 41. Bd3 Bd1 42. Ke4 Bxg4 43. Kxe5 Kh6 44. Kf6 Kh7 45. Ke7 Bh5 46. f6+ Kg8 47. Be4 1-0

[Event "Catalunya-chT Gp2"]
[Site "Barcelona"]
[Date "2015.03.07"]
[Round "7.2"]
[White "Castellet Giralt, Gabriel"]
[Black "Ramirez Garcia, Jorge Alberto"]
[Result "1/2-1/2"]
[WhiteElo "2180"]
[BlackElo "2293"]
[PlyCount "88"]
[EventDate "2015.01.24"]
[EventType "team-tourn"]
[EventRounds "7"]
[EventCountry "ESP"]
[SourceTitle "EXT 2016"]
[Source "ChessBase"]
[SourceDate "2015.10.08"]
[SourceVersion "1"]
[SourceVersionDate "2015.10.08"]
[SourceQuality "1"]
[WhiteTeam "Cerdanyola Valles"]
[BlackTeam "Barcelona Escola Escacs"]
[WhiteTeamCountry "ESP"]
[BlackTeamCountry "ESP"]

1. d4 e6 2. c4 d5 3. Nc3 a6 4. cxd5 exd5 5. Bf4 c6 6. e3 Bd6 7. Bxd6 Qxd6 8. Bd3 Ne7 9. Qc2 g6 10. Nge2 Bf5 11. Bxf5 Nxf5 12. e4 dxe4 13. Nxe4 Qb4+ 14. Qc3 Qxc3+ 15. bxc3 Ke7 16. 0-0 Nd6 17. Rfe1 Nxe4 18. Ng3 Nd7 19. Nxe4 b6 20. Rab1 Rhe8 21. Kf1 Kf8 22. Nd6 Rxe1+ 23. Kxe1 Ke7 24. Nc4 b5 25. Ne3 Nb6 26. Kd2 Re8 27. Kd3 Kd6 28. Rc1 Nd5 29. g3 h5 30. h4 Re7 31. a3 Nf6 32. f3 Nd5 33. Ng2 Nb6 34. Ne3 a5 35. g4 Re6 36. g5 Nd5 37. Nxd5 Kxd5 38. Ra1 a4 39. Rg1 Re7 40. Rf1 Re6 41. Rg1 Kd6 42. Rc1 Kd5 43. Rg1 Re8 44. Rf1 Re6 1/2-1/2

[Event "Catalunya-chT Gp2"]
[Site "Barcelona"]
[Date "2015.01.31"]
[Round "2.2"]
[White "Diaz Camallonga, Carles"]
[Black "Castellet Giralt, Gabriel"]
[Result "1/2-1/2"]
[WhiteElo "2357"]
[BlackElo "2180"]
[PlyCount "75"]
[EventDate "2015.01.24"]
[EventType "team-tourn"]
[EventRounds "7"]
[EventCountry "ESP"]
[SourceTitle "EXT 2016"]
[Source "ChessBase"]
[SourceDate "2015.10.08"]
[SourceVersion "1"]
[SourceVersionDate "2015.10.08"]
[SourceQuality "1"]
[WhiteTeam "Colon Sabadell"]
[BlackTeam "Cerdanyola Valles"]
[WhiteTeamCountry "ESP"]
[BlackTeamCountry "ESP"]

1. e4 c5 2. Nf3 g6 3. d4 cxd4 4. Nxd4 Nf6 5. Bd3 Bg7 6. c4 0-0 7. 0-0 d5 8. exd5 Nxd5 9. cxd5 Bxd4 10. Bxg6 Qxd5 11. Nc3 Bxf2+ 12. Kxf2 fxg6+ 13. Kg1 Qxd1 14. Rxd1 Nc6 15. Bh6 Rf5 16. Nd5 Rh5 17. Bf4 Bg4 18. Rd2 Rf8 19. Bg3 Kg7 20. Ne3 Be6 21. b3 Ra5 22. Rc1 g5 23. Re1 h6 24. h3 Rb5 25. Nc2 Rd5 26. Rxd5 Bxd5 27. Nd4 Nxd4 28. Be5+ Kg6 29. Bxd4 e6 30. Rf1 Rxf1+ 31. Kxf1 a6 32. g4 h5 33. Kf2 h4 34. Be3 b5 35. Bd4 a5 36. Bb6 a4 37. bxa4 bxa4 38. a3 1/2-1/2

[Event "Catalunya-chT"]
[Site "Catalunya"]
[Date "2014.03.01"]
[Round "6.1"]
[White "Castellet Giralt, Gabriel"]
[Black "Ducarmon, Quinten"]
[Result "0-1"]
[WhiteElo "2198"]
[BlackElo "2456"]
[PlyCount "57"]
[EventDate "2014.01.25"]
[EventType "team"]
[EventRounds "11"]
[EventCountry "ESP"]
[SourceTitle "EXT 2015"]
[Source "ChessBase"]
[SourceDate "2014.11.20"]
[SourceVersion "1"]
[SourceVersionDate "2014.11.20"]
[SourceQuality "1"]
[WhiteTeam "Cerdanyola Valles"]
[BlackTeam "Badalona Sant Josep"]
[WhiteTeamCountry "ESP"]
[BlackTeamCountry "ESP"]

1. d4 d5 2. c4 c6 3. cxd5 cxd5 4. Nc3 e5 5. e3 e4 6. Nge2 Nf6 7. Nf4 Nc6 8. Qb3 Na5 9. Bb5+ Bd7 10. Qa4 Nc6 11. 0-0 Bd6 12. Qd1 a6 13. Be2 Ne7 14. Qb3 Bc6 15. Nh5 Nxh5 16. Bxh5 Nf5 17. Nxe4 Bxh2+ 18. Kxh2 Qh4+ 19. Kg1 Qxh5 20. Nc5 Nh4 21. f3 0-0 22. Nd3 Rfd8 23. Rf2 Rd6 24. Nf4 Qg5 25. Nh3 Qg3 26. Nf4 Rh6 27. Bd2 Ng6 28. Nxg6 Qh2+ 29. Kf1 0-1

[Event "Catalunya-chT"]
[Site "Catalunya"]
[Date "2014.02.15"]
[Round "4.1"]
[White "Tallo Dominguez, Imar"]
[Black "Castellet Giralt, Gabriel"]
[Result "0-1"]
[WhiteElo "2245"]
[BlackElo "2198"]
[PlyCount "68"]
[EventDate "2014.01.25"]
[EventType "team"]
[EventRounds "11"]
[EventCountry "ESP"]
[SourceTitle "CBM 158 Extra"]
[Source "ChessBase"]
[SourceDate "2014.02.28"]
[SourceVersion "1"]
[SourceVersionDate "2014.02.28"]
[SourceQuality "1"]
[WhiteTeam "Colon Sabadell"]
[BlackTeam "Cerdanyola Valles"]
[WhiteTeamCountry "ESP"]
[BlackTeamCountry "ESP"]

1. e4 c5 2. Nf3 g6 3. d4 cxd4 4. Nxd4 Nc6 5. Nc3 Bg7 6. Nde2 Nf6 7. g3 0-0 8. Bg2 d6 9. 0-0 Rb8 10. a4 a6 11. Nd5 Nd7 12. c3 b5 13. axb5 axb5 14. Be3 e6 15. Ndf4 Nc5 16. Nd3 Nxd3 17. Qxd3 Ne5 18. Qc2 Bb7 19. Rfd1 Ng4 20. Bc5 Qf6 21. Rxd6 Rfc8 22. Ba7 Ra8 23. Nf4 Bh6 24. Rb6 Rc7 25. Rxb5 Bxf4 26. gxf4 Qxf4 27. h3 Ne5 28. Rba5 Nf3+ 29. Bxf3 Qxf3 30. R5a4 Bc6 31. Bb6 Rxa4 32. Rxa4 Rd7 33. Rd4 Rxd4 34. Bxd4 Bxe4 0-1

[Event "Catalunya-chT"]
[Site "Catalunya"]
[Date "2014.01.25"]
[Round "1.1"]
[White "Castellet Giralt, Gabriel"]
[Black "Bautista Sanchez, Joan"]
[Result "0-1"]
[WhiteElo "2198"]
[BlackElo "2182"]
[PlyCount "84"]
[EventDate "2014.01.25"]
[EventType "team"]
[EventRounds "11"]
[EventCountry "ESP"]
[SourceTitle "CBM 158 Extra"]
[Source "ChessBase"]
[SourceDate "2014.02.28"]
[SourceVersion "1"]
[SourceVersionDate "2014.02.28"]
[SourceQuality "1"]
[WhiteTeam "Cerdanyola Valles"]
[BlackTeam "Sant Andreu"]
[WhiteTeamCountry "ESP"]
[BlackTeamCountry "ESP"]

1. d4 c6 2. c4 Nf6 3. Nc3 d5 4. cxd5 cxd5 5. Bf4 e6 6. e3 Bd6 7. Bxd6 Qxd6 8. Bd3 Nc6 9. f4 a6 10. Nf3 Bd7 11. Rc1 0-0 12. 0-0 b5 13. Ne5 Rac8 14. Rf3 g6 15. Qe1 Ne7 16. Qh4 Kg7 17. Rcf1 Nf5 18. Qe1 h5 19. g3 b4 20. Nb1 Rc7 21. Nd2 Ba4 22. h3 Bc2 23. Nb3 Bxb3 24. axb3 Rfc8 25. g4 Ne7 26. Qb1 hxg4 27. hxg4 Ne4 28. Bxe4 dxe4 29. R3f2 Qd5 30. Nc4 Rh8 31. Rg2 Rh3 32. Qe1 a5 33. Rg3 Rh7 34. f5 exf5 35. gxf5 Nxf5 36. Rg5 Kh8 37. Qf2 Qd8 38. Rg4 a4 39. Qf4 axb3 40. Qe5+ f6 41. Qe6 Rxc4 42. Qxc4 Nxe3 0-1

[Event "Catalunya-chT Honor"]
[Site "Catalunya"]
[Date "2013.03.09"]
[Round "8.8"]
[White "Llaneza Vega, Patricia"]
[Black "Castellet Giralt, Gabriel"]
[Result "0-1"]
[WhiteElo "2241"]
[BlackElo "2183"]
[PlyCount "78"]
[EventDate "2013.01.19"]
[EventType "team-tourn"]
[EventRounds "11"]
[EventCountry "ESP"]
[SourceTitle "EXT 2014"]
[Source "ChessBase"]
[SourceDate "2013.11.20"]
[SourceVersion "1"]
[SourceVersionDate "2013.11.20"]
[SourceQuality "1"]
[WhiteTeam "Foment Martinenc"]
[BlackTeam "Cerdanyola Valles"]
[WhiteTeamCountry "ESP"]
[BlackTeamCountry "ESP"]

1. e4 c5 2. Nf3 Nc6 3. d4 cxd4 4. Nxd4 g6 5. Nc3 Bg7 6. Be3 Nf6 7. Bc4 0-0 8. Bb3 d6 9. f3 Bd7 10. Qd2 Nxd4 11. Bxd4 b5 12. 0-0 a5 13. a4 b4 14. Ne2 e5 15. Be3 Be6 16. Rfd1 Ra6 17. Nc1 Qc7 18. Nd3 Rc8 19. Rac1 Rc6 20. Qf2 Nd7 21. Qh4 Bc4 22. Bxc4 Rxc4 23. b3 Rc3 24. Bd2 Qb6+ 25. Nf2 Rxc2 26. Rxc2 Rxc2 27. Qe7 Bh6 28. Qxd7 Bxd2 29. Kf1 h5 30. Qb5 Qe3 31. Nh3 Bc3 32. Qd3 Qxd3+ 33. Rxd3 Bd4 34. f4 f6 35. fxe5 dxe5 36. Rf3 Kg7 37. Rd3 g5 38. Rd1 g4 39. Ng1 Rf2+ 0-1

[Event "Catalunya-chT Honor"]
[Site "Catalunya"]
[Date "2013.02.09"]
[Round "4.9"]
[White "Castellet Giralt, Gabriel"]
[Black "Gomez Jurado, Luis Alberto"]
[Result "0-1"]
[WhiteElo "2183"]
[BlackElo "2255"]
[PlyCount "98"]
[EventDate "2013.01.19"]
[EventType "team-tourn"]
[EventRounds "11"]
[EventCountry "ESP"]
[SourceTitle "CBM 152 Extra"]
[Source "ChessBase"]
[SourceDate "2013.02.25"]
[SourceVersion "1"]
[SourceVersionDate "2013.02.25"]
[SourceQuality "1"]
[WhiteTeam "Cerdanyola Valles"]
[BlackTeam "Montcada"]
[WhiteTeamCountry "ESP"]
[BlackTeamCountry "ESP"]

1. d4 d5 2. c4 c6 3. Nf3 Nf6 4. Nc3 e6 5. cxd5 cxd5 6. Bf4 Nc6 7. e3 a6 8. Bd3 Bd6 9. Bxd6 Qxd6 10. 0-0 0-0 11. Rc1 Bd7 12. Na4 Nb4 13. Bb1 Rac8 14. Nc3 b5 15. Ne5 Nc6 16. f4 Ne7 17. a3 a5 18. Qd3 b4 19. axb4 axb4 20. Nb5 Bxb5 21. Qxb5 Ne4 22. Bxe4 dxe4 23. Nc4 Qb8 24. Qe5 Qxe5 25. fxe5 Nd5 26. Kf2 f6 27. Ke2 f5 28. g3 Ra8 29. Ra1 Rfc8 30. Rxa8 Rxa8 31. Kd2 g5 32. Nd6 Ra2 33. Nc4 Kg7 34. h3 Ra6 35. Nd6 Rc6 36. g4 b3 37. Ra1 Rc2+ 38. Ke1 fxg4 39. hxg4 Rxb2 40. Ra7+ Kf8 41. Ra8+ Ke7 42. Ra7+ Kd8 43. Rb7 Nxe3 44. Nxe4 Nxg4 45. Nxg5 Kc8 46. Rb4 Ne3 47. Rb6 Nc2+ 48. Kd1 Nxd4 49. Rb4 Nc6 0-1

[Event "Catalunya-chT Honor"]
[Site "Catalunya"]
[Date "2013.01.26"]
[Round "2.8"]
[White "Castellet Giralt, Gabriel"]
[Black "Bosque Ortega, Xavier"]
[Result "1-0"]
[WhiteElo "2183"]
[BlackElo "2247"]
[PlyCount "51"]
[EventDate "2013.01.19"]
[EventType "team-tourn"]
[EventRounds "11"]
[EventCountry "ESP"]
[SourceTitle "CBM 152 Extra"]
[Source "ChessBase"]
[SourceDate "2013.02.25"]
[SourceVersion "1"]
[SourceVersionDate "2013.02.25"]
[SourceQuality "1"]
[WhiteTeam "Cerdanyola Valles"]
[BlackTeam "Barbera"]
[WhiteTeamCountry "ESP"]
[BlackTeamCountry "ESP"]

1. d4 d5 2. c4 c6 3. Nf3 Nf6 4. Nc3 Bf5 5. cxd5 Nxd5 6. Qb3 Qb6 7. Nxd5 cxd5 8. Qxd5 e6 9. Qb3 Bb4+ 10. Bd2 Bxd2+ 11. Kxd2 Qa5+ 12. Qc3 Qd8 13. Qa3 Nc6 14. e3 Qb6 15. Be2 0-0-0 16. Rhc1 Kb8 17. Rc5 e5 18. Nxe5 Nxd4 19. exd4 Rxd4+ 20. Ke1 Re8 21. Qc3 Re4 22. f3 Rxe2+ 23. Kxe2 f6 24. Kf1 fxe5 25. Rc1 Qd6 26. Re1 1-0

[Event "Catalunya-chT"]
[Site "Catalunya"]
[Date "2012.04.14"]
[Round "10.6"]
[White "Castellet Giralt, Gabriel"]
[Black "Perez Manas, Benjamin"]
[Result "0-1"]
[WhiteElo "2216"]
[BlackElo "2235"]
[PlyCount "63"]
[EventDate "2012.01.28"]
[EventType "team-tourn"]
[EventRounds "11"]
[EventCountry "ESP"]
[SourceTitle "EXT 2013"]
[Source "ChessBase"]
[SourceDate "2012.11.22"]
[SourceVersion "1"]
[SourceVersionDate "2012.11.22"]
[SourceQuality "1"]
[WhiteTeam "Cerdanyola Valles"]
[BlackTeam "Barbera"]
[WhiteTeamCountry "ESP"]
[BlackTeamCountry "ESP"]

1. d4 Nf6 2. c4 e6 3. Nc3 Bb4 4. e3 c5 5. Bd3 Nc6 6. Nge2 d5 7. 0-0 0-0 8. a3 Bxc3 9. bxc3 b6 10. cxd5 exd5 11. Bb5 Na5 12. dxc5 bxc5 13. Bd3 Rb8 14. Ng3 Bg4 15. f3 Be6 16. e4 dxe4 17. Nxe4 Nb3 18. Rb1 c4 19. Bc2 Nxe4 20. Bxe4 Qa5 21. Qd6 Qxc3 22. Bb2 Qe3+ 23. Kh1 Qh6 24. Rfd1 Rbc8 25. Bc3 Nc5 26. Bc2 Nb3 27. g4 Qg5 28. h4 Qe3 29. Qe5 Qxf3+ 30. Kh2 Qxg4 31. Qxg7+ Qxg7 32. Rg1 0-1

[Event "Catalunya-chT"]
[Site "Catalunya"]
[Date "2012.02.25"]
[Round "5.7"]
[White "Castellet Giralt, Gabriel"]
[Black "Martinez Lopez, Ivan"]
[Result "1/2-1/2"]
[WhiteElo "2216"]
[BlackElo "2299"]
[PlyCount "82"]
[EventDate "2012.01.28"]
[EventType "team-tourn"]
[EventRounds "11"]
[EventCountry "ESP"]
[SourceTitle "EXT 2013"]
[Source "ChessBase"]
[SourceDate "2012.11.22"]
[SourceVersion "1"]
[SourceVersionDate "2012.11.22"]
[SourceQuality "1"]
[WhiteTeam "Cerdanyola Valles"]
[BlackTeam "Lleida"]
[WhiteTeamCountry "ESP"]
[BlackTeamCountry "ESP"]

1. d4 Nf6 2. c4 g6 3. Nc3 Bg7 4. e4 d6 5. f4 0-0 6. Nf3 c5 7. dxc5 dxc5 8. Bd3 Nc6 9. e5 Ne8 10. 0-0 Nc7 11. Be4 Bd7 12. Be3 b6 13. Qe1 f5 14. exf6 exf6 15. Rd1 Qe7 16. f5 gxf5 17. Bd5+ Nxd5 18. Nxd5 Qf7 19. Nh4 Rae8 20. Qg3 Kh8 21. Nxf5 Bxf5 22. Rxf5 Ne7 23. Nxe7 Rxe7 24. Rfd5 Rfe8 25. Bf2 f5 26. Qd3 Bxb2 27. Rxf5 Qg6 28. Qf3 Bg7 29. h4 Qe6 30. Re1 Qg8 31. Rxe7 Rxe7 32. h5 h6 33. Bh4 Re8 34. Bf6 Qxc4 35. Bxg7+ Kxg7 36. Rf4 Qe6 37. Kh2 c4 38. Qc3+ Qe5 39. Qg3+ Kh8 40. Rf8+ Kh7 41. Rf7+ Kh8 1/2-1/2